| 000 | 00842ntm a22002177a 4500 | ||
|---|---|---|---|
| 005 | 20170810110022.0 | ||
| 008 | 170802s2014 xx a frb 000 0 eng d | ||
| 040 |
_aEG-ScBUE _beng _cEG-ScBUE |
||
| 082 | 0 | 4 |
_a624 _bFAH _222 |
| 100 | 1 | _aFahmy, Mohamed El Moghazy. | |
| 245 | 1 | 0 |
_aApproach of value Engineering application in government housing projects in Egypt / _cMohamed El Moghazy Fahmy. |
| 260 | _c2014. | ||
| 300 |
_a69 p. : _bill. (col.) ; _c28 cm. |
||
| 500 | _aA dissertation submitted to the faculty of Engineering, the British university in Egypt, in the partial fulfillment of the requirements for the degree of Bachelor in Civil Engineering. | ||
| 590 | _aMirna Muhammed | ||
| 650 | 7 |
_2BUEsh _aCivil Engineering. _vProjects |
|
| 653 |
_bENGCIV _cAugust2017 |
||
| 655 | _vSPRO | ||
| 700 | 1 |
_aOthman, Ayman, _eThs. |
|
| 942 | _2ddc | ||
| 999 |
_c25357 _d25329 |
||